[Event "C.to Provinciale KR"]
[Site "Crotone ITA"]
[Date "2012.12.28"]
[Round "1"]
[White "Camposano, Antonio"]
[Black "Cicero, Angelo"]
[WhiteElo "1455"]
[BlackElo "1745"]
[Result "0-1"]
[PlyCount "82"]
[EventDate "2012.12.28"]

1. g3 d5 2. Bg2 e5 3. d3 Bf5 4. c4 c6 5. cxd5 cxd5 6. Qb3 Nc6 7. a3 Nd4 8. Qa4+
b5 9. Qd1 Rc8 10. Nc3 b4 11. axb4 Bxb4 12. Bd2 Bxc3 13. Bxc3 Nc6 14. Qa4 f6 15.
Qb5 Nge7 16. Rxa7 O-O 17. Rb7 d4 18. Bb4 Nxb4 19. Qxb4 Nd5 20. Qb3 Be6 21. Nf3
Qa5+ 22. Kd1 Ne3+ 23. fxe3 Bxb3+ 24. Rxb3 Qa4 25. Nxd4 exd4 26. Bd5+ Kh8 27. e4
Rfd8 28. Kd2 Rxd5 29. exd5 Qxb3 30. Rb1 Qc2+ 31. Ke1 Qxb1+ 32. Kf2 Qxb2 33. Kf3
Re8 34. e4 Qb5 35. Kf4 Qxd3 36. Kf5 Re5+ 37. Kf4 g5+ 38. Kg4 Qxe4+ 39. Kh5 g4+
40. Kh6 Qf5 41. h3 Qh5# 0-1

[Event "C.to Provinciale KR"]
[Site "Crotone ITA"]
[Date "2012.12.29"]
[Round "1"]
[White "Frontera, Domenico"]
[Black "Galardo, Emanuele"]
[WhiteElo "1710"]
[BlackElo "1377"]
[Result "0-1"]
[PlyCount "46"]
[EventDate "2012.12.28"]

1. e4 e5 2. Nf3 Nc6 3. d4 d5 4. dxe5 dxe4 5. Qxd8+ Nxd8 6. Ng5 Bf5 7. Bc4 Ne6
8. Nc3 Nxg5 9. Bxg5 Be7 10. Bf4 O-O-O 11. Bxf7 Nh6 12. Bxh6 gxh6 13. Nd5 Rd7
14. O-O-O Bg5+ 15. Kb1 Rxf7 16. h4 c6 17. hxg5 cxd5 18. Rxd5 hxg5 19. Rh6 Rd7
20. Rc5+ Kb8 21. a4 Re8 22. Rf6 Be6 23. Rc3 Rd1# 0-1

[Event "C.to Provinciale KR"]
[Site "Crotone ITA"]
[Date "2012.12.28"]
[Round "1"]
[White "Grano, Giuseppe"]
[Black "Brogneri, Giovanni"]
[WhiteElo "1652"]
[BlackElo "1796"]
[Result "0-1"]
[PlyCount "106"]
[EventDate "2012.12.28"]

1. e4 c5 2. Nf3 d6 3. d4 cxd4 4. Nxd4 Nf6 5. Nc3 a6 6. Be3 Ng4 7. Qd2 Nxe3 8.
Qxe3 Nc6 9. Bc4 e6 10. O-O Be7 11. Nf3 b5 12. Bb3 Qc7 13. a3 Na5 14. Ba2 Nc4
15. Bxc4 Qxc4 16. Qd3 Qxd3 17. cxd3 Bb7 18. Rac1 Rc8 19. Ne2 Kd7 20. Rxc8 Rxc8
21. Rc1 Rxc1+ 22. Nxc1 Bf6 23. e5 dxe5 24. Ne2 e4 25. dxe4 Bxe4 26. Nfd4 Bd3
27. b3 Kd6 28. Nc1 Bxd4 29. Nxd3 Bc5 30. b4 Bd4 31. Kf1 Kd5 32. Ke2 e5 33. f3
f5 34. Kd2 g5 35. h3 e4 36. fxe4+ fxe4 37. Ne1 Kc4 38. Nc2 e3+ 39. Ke2 Bb2 40.
Kxe3 Kb3 41. Nd4+ Bxd4+ 42. Kxd4 Kxa3 43. Kc3 Ka4 44. g3 a5 45. bxa5 Kxa5 46.
h4 g4 47. Kb3 b4 48. Kb2 Kb5 49. Kb3 Kc5 50. Kc2 Kc4 51. Kb2 b3 52. h5 h6 53.
Kb1 Kc3 0-1

[Event "C.to Provinciale KR"]
[Site "Crotone ITA"]
[Date "2012.12.28"]
[Round "1"]
[White "Morelli, Gaetano"]
[Black "Manfredi, Candido"]
[WhiteElo "1891"]
[BlackElo "1708"]
[Result "1-0"]
[PlyCount "57"]
[EventDate "2012.12.28"]

1. e4 e6 2. d3 d5 3. Nd2 Nf6 4. Ngf3 Be7 5. g3 c6 6. Bg2 Qc7 7. O-O O-O 8. Re1
Re8 9. e5 Nfd7 10. Nf1 c5 11. c3 Nc6 12. Bf4 d4 13. h4 Qa5 14. c4 Qb6 15. Rb1
Qd8 16. N1h2 f5 17. Ng5 Nf8 18. Qh5 Bd7 19. a3 Rb8 20. g4 Bxg5 21. Bxg5 Ne7 22.
gxf5 exf5 23. e6 Bc6 24. Qf7+ Kh8 25. h5 h6 26. Bf4 Rc8 27. Be5 Nxe6 28. Qxe6
Bxg2 29. Qxh6+ 1-0

[Event "C.to Provinciale KR"]
[Site "Crotone ITA"]
[Date "2012.12.28"]
[Round "1"]
[White "Olivo, Paolo"]
[Black "Levato, Biagio"]
[WhiteElo "1772"]
[BlackElo "1562"]
[Result "1-0"]
[PlyCount "107"]
[EventDate "2012.12.28"]

1. d4 Nf6 2. c4 g6 3. Nc3 Bg7 4. e4 d6 5. Nf3 O-O 6. Be2 e5 7. O-O exd4 8. Nxd4
c6 9. Bf4 Na6 10. Re1 Nc5 11. Bf3 h6 12. h3 Re8 13. Nc2 Bf8 14. Qd2 Kh7 15.
Rad1 b6 16. Bxd6 Bxd6 17. Qxd6 Bb7 18. b4 Ncd7 19. Qf4 Qe7 20. a3 Ne5 21. Be2
Qe6 22. Nd4 Qe7 23. Nf3 Nh5 24. Qxe5 Qxe5 25. Nxe5 Rxe5 26. Bxh5 Rxh5 27. Rd7
Bc8 28. Rxf7+ Kg8 29. Rf6 Rg5 30. Kh2 Bb7 31. f4 Rh5 32. g4 Kg7 33. e5 Rh4 34.
Kg3 g5 35. f5 Re8 36. Rd6 Bc8 37. Rxc6 h5 38. Rg6+ Kf7 39. Rxg5 hxg4 40. Kxh4
Rh8+ 41. Kxg4 Re8 42. e6+ Ke7 43. Nd5+ Kf8 44. Nf4 Ke7 45. Rg6 Kf8 46. f6 Bxe6+
47. Rxe6 Kf7 48. Rxe8 Kxe8 49. Rg7 a5 50. h4 axb4 51. axb4 b5 52. cxb5 Kf8 53.
Ne6+ Ke8 54. Re7# 1-0

[Event "C.to Provinciale KR"]
[Site "Crotone ITA"]
[Date "2012.12.28"]
[Round "1"]
[White "Scerra, Ezio"]
[Black "Rametta, Marcello"]
[WhiteElo "1593"]
[BlackElo "1778"]
[Result "0-1"]
[PlyCount "86"]
[EventDate "2012.12.28"]

1. e4 c5 2. Nf3 Nc6 3. Bc4 e6 4. e5 Nge7 5. Nc3 Ng6 6. Qe2 a6 7. O-O b5 8. Bd3
Nf4 9. Qe3 Nxd3 10. Qxd3 Bb7 11. a3 c4 12. Qe4 d5 13. exd6 Bxd6 14. Re1 O-O 15.
d3 Na5 16. Qg4 cxd3 17. Bh6 Qf6 18. Qg5 Qxh6 19. Qxh6 gxh6 20. cxd3 Nb3 21.
Rad1 Kh8 22. Ne4 Be7 23. d4 Rg8 24. Kf1 Bd5 25. Ng3 f6 26. Re3 Rac8 27. Ne2 Rc2
28. Nf4 Bxf3 29. gxf3 Nd2+ 30. Ke2 Nc4+ 31. Kd3 Nxe3 32. Kxe3 Rxb2 33. Nxe6
Rb3+ 34. Ke4 Bxa3 35. d5 Re8 36. f4 Bd6 37. Kf5 Rf3 38. Rd2 Bb4 39. Rc2 Rc3 40.
Rxc3 Bxc3 41. Nc7 Rd8 42. Ke6 Bb4 43. Nxa6 Rd6+ 0-1

[Event "C.to Provinciale KR"]
[Site "Crotone ITA"]
[Date "2012.12.28"]
[Round "1"]
[White "Serratore, Vincenzo"]
[Black "Proietto, Francesco"]
[WhiteElo "1794"]
[BlackElo "1640"]
[Result "1-0"]
[PlyCount "111"]
[EventDate "2012.12.28"]

1. d4 d5 2. Bf4 Nf6 3. e3 e6 4. Nf3 c5 5. c3 cxd4 6. exd4 Nc6 7. Bd3 Bd6 8. Ne5
O-O 9. Nd2 Qc7 10. Ndf3 Nh5 11. Bg3 h6 12. Qe2 Nxe5 13. Nxe5 Nf6 14. f4 Nd7 15.
O-O Re8 16. Qh5 Nf6 17. Qf3 Qb6 18. Rab1 Bd7 19. Nxd7 Nxd7 20. Bh4 e5 21. Qxd5
exd4 22. Bf2 Nf6 23. Qf5 Qc5 24. Bxd4 Qxf5 25. Bxf5 Nd5 26. g3 Re2 27. Rf2 Rae8
28. Bd3 Rxf2 29. Kxf2 Kf8 30. a3 g6 31. Bxa7 b6 32. Bb5 Nxc3 33. bxc3 Bc5+ 34.
Kg2 Ra8 35. Bxb6 Bxb6 36. a4 Ke7 37. c4 Ra7 38. Rd1 Ke6 39. Kf3 f5 40. Re1+ Kf7
41. h3 Re7 42. Re2 Rxe2 43. Kxe2 Ke6 44. Kf3 g5 45. g4 Kf6 46. gxf5 Kxf5 47.
Bd7+ Kf6 48. f5 Ke7 49. Bb5 h5 50. Ke4 Kd6 51. Be8 h4 52. f6 Ke6 53. f7 Ke7 54.
Kf5 Be3 55. Kg6 Kf8 56. a5 1-0

[Event "C.to Provinciale KR"]
[Site "Crotone ITA"]
[Date "2012.12.29"]
[Round "2"]
[White "Anastasio, Salvatore"]
[Black "Scerra, Ezio"]
[WhiteElo "1437"]
[BlackElo "1593"]
[Result "1-0"]
[PlyCount "95"]
[EventDate "2012.12.28"]

1. e4 d6 2. d4 Nf6 3. Nc3 Nc6 4. Nf3 Bd7 5. Bg5 Ng4 6. h3 Nh6 7. Bc4 f6 8. Bf4
e6 9. O-O Na5 10. Bd3 Be7 11. Nh2 g5 12. Bxg5 fxg5 13. Qh5+ Nf7 14. e5 dxe5 15.
dxe5 Bc6 16. Rad1 Qd4 17. Rfe1 Qh4 18. Qe2 Bc5 19. Be4 Bxf2+ 20. Qxf2 Qxf2+ 21.
Kxf2 O-O 22. Bxc6 Nxc6 23. Ng4 Kg7 24. Kg1 Rad8 25. Rxd8 Rxd8 26. Re2 h5 27.
Nf6 Kg6 28. Nfe4 Nfxe5 29. Nc5 Kf6 30. Nxb7 Rb8 31. Ne4+ Ke7 32. Nec5 Rf8 33.
b3 Rf6 34. Na5 Kd6 35. Ne4+ Ke7 36. Nxf6 Kxf6 37. Nxc6 Nxc6 38. g4 hxg4 39.
hxg4 e5 40. c3 Ke6 41. Kg2 Ne7 42. Rd2 Nd5 43. c4 Nf6 44. Kh3 e4 45. Re2 Ke5
46. Kg3 Nd7 47. Rd2 Nc5 48. Rd5+ 1-0

[Event "C.to Provinciale KR"]
[Site "Crotone ITA"]
[Date "2012.12.29"]
[Round "2"]
[White "Brogneri, Giovanni"]
[Black "Greco, Simone"]
[WhiteElo "1796"]
[BlackElo "1740"]
[Result "1/2-1/2"]
[PlyCount "109"]
[EventDate "2012.12.28"]

1. f4 f5 2. Nf3 Nf6 3. b3 b6 4. e3 Bb7 5. Bb2 e6 6. Be2 d5 7. d3 Nbd7 8. Nbd2
Bd6 9. h3 c5 10. Ne5 Ba6 11. Ndf3 h6 12. Nc6 Qc7 13. Nfe5 Nxe5 14. Nxe5 O-O-O
15. g4 Bb7 16. Bf3 d4 17. exd4 cxd4 18. Bxb7+ Qxb7 19. Rg1 Rhg8 20. Qf3 Qxf3
21. Nxf3 Bxf4 22. Bxd4 fxg4 23. hxg4 Nd5 24. Ke2 Kb7 25. c4 Nf6 26. Be5 Bxe5
27. Nxe5 Nd7 28. Nxd7 Rxd7 29. g5 hxg5 30. Rxg5 Rf8 31. Rf1 Rxf1 32. Kxf1 Rxd3
33. Rxg7+ Ka6 34. Ke2 Rh3 35. Rg2 e5 36. Rf2 e4 37. Rf4 Rh2+ 38. Rf2 Rh1 39.
Rf4 Ra1 40. Rxe4 Rxa2+ 41. Kd3 Rh2 42. b4 Rh3+ 43. Re3 Rxe3+ 44. Kxe3 Kb7 45.
b5 a5 46. bxa6+ Kxa6 47. Kd4 Kb7 48. Kd5 Kc8 49. Kc6 Kd8 50. Kxb6 Kc8 51. c5
Kb8 52. c6 Kc8 53. c7 Kd7 54. Kb7 Ke6 55. c8=N 1/2-1/2

[Event "C.to Provinciale KR"]
[Site "Crotone ITA"]
[Date "2012.12.29"]
[Round "2"]
[White "Cicero, Angelo"]
[Black "Morelli, Gaetano"]
[WhiteElo "1745"]
[BlackElo "1891"]
[Result "0-1"]
[PlyCount "112"]
[EventDate "2012.12.28"]

1. e4 c5 2. Nf3 a6 3. c3 d5 4. e5 d4 5. cxd4 cxd4 6. Qa4+ Nc6 7. Bb5 Bd7 8.
Bxc6 Bxc6 9. Qxd4 Qxd4 10. Nxd4 Bxg2 11. Rg1 Bd5 12. Nc3 O-O-O 13. Nxd5 Rxd5
14. Nf3 Nh6 15. d4 Nf5 16. Be3 e6 17. Ke2 h6 18. Rac1+ Kb8 19. h4 Be7 20. h5
Rhd8 21. a3 Rb5 22. Rc2 Rc8 23. Rgc1 Rxc2+ 24. Rxc2 g6 25. hxg6 fxg6 26. Bc1 g5
27. Kd3 Rb3+ 28. Rc3 Rxc3+ 29. bxc3 g4 30. Nh2 h5 31. a4 Bh4 32. Ke2 Kc7 33.
Nf1 Kc6 34. Bd2 Kd5 35. Ne3+ Nxe3 36. Bxe3 Ke4 37. c4 g3 38. f3+ Kf5 39. Kf1
Bg5 40. Bxg5 Kxg5 41. d5 exd5 42. cxd5 Kf5 43. d6 Ke6 44. f4 b5 45. axb5 axb5
46. Kg2 b4 47. Kxg3 b3 48. f5+ Kd7 49. Kf4 b2 50. Kg5 b1=Q 51. Kf6 Qb2 52. Kg6
Qxe5 53. f6 Ke6 54. f7 Qf6+ 55. Kxh5 Qxf7+ 56. Kg4 Kxd6 0-1

[Event "C.to Provinciale KR"]
[Site "Crotone ITA"]
[Date "2012.12.29"]
[Round "2"]
[White "Galardo, Emanuele"]
[Black "Olivo, Paolo"]
[WhiteElo "1377"]
[BlackElo "1772"]
[Result "0-1"]
[PlyCount "118"]
[EventDate "2012.12.28"]

1. e4 g6 2. d4 Bg7 3. Nf3 d6 4. Bc4 e6 5. Nc3 Nf6 6. O-O O-O 7. Bf4 Nc6 8. Re1
a6 9. a4 h6 10. h3 Bd7 11. Qd2 Kh7 12. e5 Nh5 13. Bh2 d5 14. Bd3 Bh8 15. b3 Nb4
16. a5 Nxd3 17. Qxd3 Rc8 18. Qe3 Ng7 19. Bf4 Nf5 20. Qd3 c5 21. dxc5 Rxc5 22.
Na4 Bb5 23. Qd2 Bxa4 24. Rxa4 Qc7 25. Ra2 Rc8 26. Rc1 Bg7 27. b4 Rc4 28. Rb2
Bf8 29. c3 Rxc3 30. Rxc3 Qxc3 31. Qxc3 Rxc3 32. Bd2 Rc7 33. b5 axb5 34. Rxb5
Bg7 35. Bf4 g5 36. Bd2 Kg6 37. g4 Ne7 38. Rb6 Nc6 39. Bc3 Rd7 40. a6 d4 41.
axb7 dxc3 42. Rxc6 Rxb7 43. Rxc3 Rb5 44. Re3 h5 45. Kf1 Bf8 46. Nd4 Rb1+ 47.
Re1 Rb4 48. Nc6 Rc4 49. Na5 Ra4 50. Nc6 hxg4 51. hxg4 Rxg4 52. f3 Rc4 53. Na5
Rc3 54. Ke2 Bb4 55. Nb7 Rxf3 56. Kxf3 Bxe1 57. Ke4 Bb4 58. Nd6 f5+ 59. exf6
Bxd6 0-1

[Event "C.to Provinciale KR"]
[Site "Crotone ITA"]
[Date "2012.12.29"]
[Round "2"]
[White "Guzzo, Giovanni"]
[Black "Serratore, Vincenzo"]
[WhiteElo "1711"]
[BlackElo "1794"]
[Result "1/2-1/2"]
[PlyCount "62"]
[EventDate "2012.12.28"]

1. e4 e5 2. Nf3 Nc6 3. Bc4 Bc5 4. Nc3 d6 5. h3 Nd4 6. O-O c6 7. a3 a6 8. d3 Qf6
9. Nxd4 Bxd4 10. Be3 Ne7 11. Rb1 O-O 12. Ne2 Kh8 13. Qd2 Qg6 14. Kh2 Bxe3 15.
fxe3 Be6 16. Bxe6 Qxe6 17. Ng3 Rad8 18. Rf3 f6 19. Rbf1 d5 20. Qf2 Ng6 21. Nf5
dxe4 22. dxe4 Qc4 23. h4 Rf7 24. h5 Nf8 25. Ng3 Rd6 26. Nf5 Re6 27. Ng3 Nd7 28.
c3 Nc5 29. Qc2 Rd6 30. b4 Ne6 31. h6 Ng5 1/2-1/2

[Event "C.to Provinciale KR"]
[Site "Crotone ITA"]
[Date "2012.12.29"]
[Round "2"]
[White "Levato, Biagio"]
[Black "Frontera, Domenico"]
[WhiteElo "1562"]
[BlackElo "1710"]
[Result "1-0"]
[PlyCount "79"]
[EventDate "2012.12.28"]

1. e4 d6 2. Nf3 g6 3. g3 Bg7 4. Bg2 Nf6 5. d3 O-O 6. O-O c6 7. Re1 e5 8. c3 Na6
9. Nbd2 b5 10. a3 Nc5 11. d4 Nd3 12. Re2 c5 13. b3 Qa5 14. b4 cxb4 15. cxb4
Nxb4 16. Nb3 Qb6 17. axb4 Be6 18. d5 Bd7 19. Na5 Nh5 20. Be3 Qd8 21. Rc2 f5 22.
Nb7 Qb8 23. Na5 f4 24. gxf4 exf4 25. Bd4 Nf6 26. Ne1 Qe8 27. Rac1 g5 28. Rc7 g4
29. f3 Nxe4 30. fxe4 f3 31. Bxg7 f2+ 32. Kf1 fxe1=Q+ 33. Kxe1 Kxg7 34. Qxg4+
Kh8 35. Rxd7 Rg8 36. Rxh7+ Kxh7 37. Rc7+ Kh6 38. Qh4+ Kg6 39. Qh7+ Kf6 40. Qf5#
1-0

[Event "C.to Provinciale KR"]
[Site "Crotone ITA"]
[Date "2012.12.29"]
[Round "2"]
[White "Manfredi, Candido"]
[Black "Camposano, Antonio"]
[WhiteElo "1708"]
[BlackElo "1455"]
[Result "1-0"]
[PlyCount "115"]
[EventDate "2012.12.28"]

1. d4 e6 2. c4 Nf6 3. Nf3 b6 4. g3 c5 5. Bg2 Bb7 6. e3 Be7 7. O-O O-O 8. Re1
Nc6 9. Nc3 a6 10. d5 Na5 11. d6 Nxc4 12. dxe7 Qxe7 13. b3 Nd6 14. Na4 Nc8 15.
Qc2 d6 16. Bb2 b5 17. Nc3 b4 18. Na4 a5 19. Bxf6 Qxf6 20. Ng5 Qxg5 21. Bxb7 Rb8
22. Bg2 Nb6 23. Nxb6 Rxb6 24. Rad1 Rfb8 25. f4 Qf6 26. e4 g6 27. e5 Qe7 28.
exd6 Rxd6 29. Rxd6 Qxd6 30. Rd1 Qb6 31. Qc4 Rd8 32. Rxd8+ Qxd8 33. Qxc5 Qd1+
34. Bf1 Qd8 35. Qe3 h5 36. Bc4 Qd1+ 37. Kf2 Qh1 38. h4 Qh2+ 39. Kf3 Qxa2 40.
Qe2 Qxe2+ 41. Bxe2 Kg7 42. Ke3 Kf6 43. Ke4 Ke7 44. Ke5 f6+ 45. Kd4 Kd7 46. Bd3
f5 47. Bb5+ Kc7 48. Ke5 Kb6 49. Ba4 Kc5 50. Kxe6 Kd4 51. Kf6 Ke4 52. Kxg6 Kf3
53. Kxf5 Kxg3 54. Kg5 Kf3 55. f5 Ke4 56. f6 Ke5 57. f7 Ke6 58. f8=Q 1-0

[Event "C.to Provinciale KR"]
[Site "Crotone ITA"]
[Date "2012.12.29"]
[Round "3"]
[White "Galardo, Emanuele"]
[Black "Proietto, Francesco"]
[WhiteElo "1377"]
[BlackElo "1640"]
[Result "0-1"]
[PlyCount "74"]
[EventDate "2012.12.28"]

1. e4 c5 2. Nf3 d6 3. Bb5+ Bd7 4. Bxd7+ Qxd7 5. O-O e6 6. Nc3 Nf6 7. d3 Be7 8.
h3 h6 9. Be3 O-O 10. Qd2 d5 11. e5 d4 12. exf6 dxe3 13. fxe3 Bxf6 14. Rad1 Rd8
15. e4 Nc6 16. Rfe1 e5 17. Nd5 Qd6 18. Nxf6+ Qxf6 19. Rf1 Qe6 20. b3 b6 21. Qf2
Rd7 22. c3 Rad8 23. Qe2 Rd6 24. Rd2 Qc8 25. Rfd1 Qa6 26. c4 b5 27. cxb5 Qxb5
28. Ne1 Nd4 29. Qe3 a5 30. Nf3 Nxf3+ 31. Qxf3 a4 32. bxa4 Qxa4 33. Qg3 f6 34.
Qf2 Qa5 35. a4 c4 36. dxc4 Rxd2 37. Rxd2 Qxd2 0-1

[Event "C.to Provinciale KR"]
[Site "Crotone ITA"]
[Date "2012.12.29"]
[Round "3"]
[White "Grano, Giuseppe"]
[Black "Frontera, Domenico"]
[WhiteElo "1652"]
[BlackElo "1710"]
[Result "0-1"]
[PlyCount "46"]
[EventDate "2012.12.28"]

1. e4 d6 2. d4 Nf6 3. Nc3 g6 4. h3 Bg7 5. Be3 O-O 6. Nf3 c5 7. Bc4 cxd4 8. Nxd4
Nxe4 9. Bxf7+ Rxf7 10. Nxe4 Nc6 11. c3 Nxd4 12. Bxd4 e5 13. Be3 d5 14. Ng5 Rf5
15. Nf3 Be6 16. Qd2 Qe7 17. O-O Rxf3 18. gxf3 Qh4 19. f4 Qxh3 20. Qe2 Rf8 21.
fxe5 Rf3 22. Bf4 Qg4+ 23. Bg3 Rxg3+ 0-1

[Event "C.to Provinciale KR"]
[Site "Crotone ITA"]
[Date "2012.12.29"]
[Round "3"]
[White "Greco, Simone"]
[Black "Guzzo, Giovanni"]
[WhiteElo "1740"]
[BlackElo "1711"]
[Result "1-0"]
[PlyCount "91"]
[EventDate "2012.12.28"]

1. e4 e5 2. Nf3 Nc6 3. Bb5 Bc5 4. c3 Nge7 5. d4 exd4 6. cxd4 Bb4+ 7. Nc3 O-O 8.
O-O a6 9. Ba4 h6 10. Be3 d6 11. h3 Ng6 12. Rc1 Nce7 13. Qd2 Kh7 14. Nh2 f5 15.
f3 f4 16. Bf2 c6 17. a3 Ba5 18. b4 Bc7 19. Ne2 Ng8 20. Rc3 Qg5 21. Kh1 Nh4 22.
Rg1 Ne7 23. d5 c5 24. bxc5 Ba5 25. cxd6 Bxc3 26. dxe7 Bxh3 27. Bxh4 Bxg2+ 28.
Rxg2 Qxg2+ 29. Kxg2 Bxd2 30. exf8=Q Rxf8 31. d6 g5 32. Bf2 b5 33. Bb3 a5 34. e5
a4 35. Ba2 b4 36. axb4 Bxb4 37. d7 Kg6 38. Bb6 Be7 39. Nd4 Bd8 40. Bxd8 Rxd8
41. Ne6 Rxd7 42. Nf8+ Kf5 43. Nxd7 h5 44. e6 g4 45. e7 gxf3+ 46. Nxf3 1-0

[Event "C.to Provinciale KR"]
[Site "Crotone ITA"]
[Date "2012.12.29"]
[Round "3"]
[White "Grillo, Gianluca"]
[Black "Levato, Biagio"]
[WhiteElo "1335"]
[BlackElo "1562"]
[Result "1/2-1/2"]
[PlyCount "105"]
[EventDate "2012.12.28"]

1. d4 Nf6 2. c4 e6 3. Nc3 d5 4. cxd5 Nxd5 5. Nf3 Bb4 6. Qc2 Nc6 7. Bg5 f6 8.
Bd2 O-O 9. e4 Nxc3 10. Bxc3 Bxc3+ 11. Qxc3 a6 12. a4 Qd7 13. Bc4 Qe7 14. O-O b6
15. d5 Na5 16. Rfd1 Nxc4 17. Qxc4 Kh8 18. Qc6 Rb8 19. Rac1 Rf7 20. d6 cxd6 21.
Qxd6 Qxd6 22. Rxd6 h6 23. Rd8+ Kh7 24. Rcxc8 Rc7 25. Rxc7 Rxd8 26. Kf1 Kg6 27.
h4 Rd1+ 28. Ke2 Rb1 29. Rc2 Kh5 30. g3 Kg4 31. e5 Kf5 32. exf6 gxf6 33. Nd4+
Ke5 34. Ke3 Kd5 35. f4 h5 36. Rc6 Rg1 37. Rxe6 Rxg3+ 38. Nf3 Kxe6 39. Kf2 Rg4
40. Nd4+ Kd5 41. Ne2 Rxh4 42. Kg3 Rg4+ 43. Kf3 Kc4 44. Nc1 Rg1 45. b3+ Kb4 46.
Ne2 Rb1 47. Nd4 Kc3 48. Ne2+ Kxb3 49. Kg3 Kxa4 50. Nc3+ Kb3 51. Nxb1 a5 52.
Nd2+ Kb4 53. Kh4 1/2-1/2

[Event "C.to Provinciale KR"]
[Site "Crotone ITA"]
[Date "2012.12.29"]
[Round "3"]
[White "Manfredi, Candido"]
[Black "Anastasio, Salvatore"]
[WhiteElo "1708"]
[BlackElo "1437"]
[Result "1-0"]
[PlyCount "85"]
[EventDate "2012.12.28"]

1. d4 Nf6 2. c4 d6 3. Nf3 g6 4. g3 Bg7 5. Bg2 c6 6. O-O O-O 7. Re1 e6 8. Nc3
Nbd7 9. Qc2 Re8 10. b3 e5 11. Bb2 e4 12. Ng5 h6 13. Ngxe4 Nxe4 14. Nxe4 d5 15.
Nd6 Re7 16. Nxc8 Rxc8 17. Rac1 Nf6 18. cxd5 Nxd5 19. a3 Qb6 20. Bxd5 Bxd4 21.
Bxd4 Qxd4 22. Bg2 Rce8 23. e3 Qd8 24. Bf1 Rd7 25. Bc4 Kg7 26. Rcd1 Ree7 27. a4
a6 28. Rd4 Rxd4 29. Qc3 Kf8 30. exd4 Rxe1+ 31. Qxe1 Qxd4 32. Qe3 Qxe3 33. fxe3
a5 34. Kf2 f6 35. Kf3 Ke7 36. Ke4 Kd6 37. Kd4 c5+ 38. Ke4 h5 39. Bf7 g5 40.
Bxh5 Ke6 41. Bg4+ Kf7 42. Bf5 Ke7 43. Kd5 1-0

[Event "C.to Provinciale KR"]
[Site "Crotone ITA"]
[Date "2012.12.29"]
[Round "3"]
[White "Morelli, Gaetano"]
[Black "Rametta, Marcello"]
[WhiteElo "1891"]
[BlackElo "1778"]
[Result "1-0"]
[PlyCount "56"]
[EventDate "2012.12.28"]

1. e4 c5 2. Nc3 e6 3. f4 d5 4. Nf3 d4 5. Nb1 Nf6 6. Bb5+ Bd7 7. Bxd7+ Nbxd7 8.
d3 Be7 9. O-O h6 10. Nbd2 b5 11. a4 Ng4 12. Nb3 bxa4 13. Rxa4 Ngf6 14. Qe1 O-O
15. Na5 Qc7 16. Ra1 Rfc8 17. Nc4 Nb6 18. Nce5 Nfd7 19. Qg3 f6 20. Ng6 Nf8 21.
Nfh4 Bd8 22. Qg4 Qd7 23. f5 exf5 24. Nxf5 Nxg6 25. Qxg6 Kh8 26. Rf3 Rc7 27.
Bxh6 Qf7 28. Bxg7+ Kg8 1-0

[Event "C.to Provinciale KR"]
[Site "Crotone ITA"]
[Date "2012.12.29"]
[Round "3"]
[White "Olivo, Paolo"]
[Black "Brogneri, Giovanni"]
[WhiteElo "1772"]
[BlackElo "1796"]
[Result "1-0"]
[PlyCount "101"]
[EventDate "2012.12.28"]

1. d4 e6 2. e4 c5 3. Nf3 cxd4 4. Nxd4 a6 5. Be2 Nf6 6. e5 Nd5 7. O-O Qc7 8. Nf3
Nc6 9. c4 Nb6 10. Bf4 f6 11. Re1 f5 12. a3 Be7 13. b3 O-O 14. Nc3 a5 15. Nb5
Qd8 16. Nd6 Rb8 17. Qd2 Bxd6 18. Qxd6 Qe7 19. Qd2 h6 20. Be3 Na8 21. Rab1 b6
22. b4 axb4 23. axb4 g5 24. Qc3 f4 25. Bc1 Qg7 26. b5 Ne7 27. Ba3 Bb7 28. Rbd1
d5 29. c5 bxc5 30. Qxc5 Nf5 31. Bd3 Nh4 32. Nd4 Rfe8 33. b6 g4 34. Bb5 g3 35.
hxg3 fxg3 36. f3 Rec8 37. Qd6 Qf7 38. Bd7 Re8 39. Bxe6 Rxe6 40. Nxe6 Rc8 41.
Rc1 Re8 42. Nc7 Nxf3+ 43. gxf3 Qxf3 44. Qg6+ Kh8 45. Qxe8+ Kh7 46. Qe7+ Kg8 47.
Qf6 Qh5 48. Qe6+ Kh7 49. Qe7+ Kg8 50. Qe8+ Qxe8 51. Nxe8 1-0

[Event "C.to Provinciale KR"]
[Site "Crotone ITA"]
[Date "2012.12.29"]
[Round "3"]
[White "Serratore, Vincenzo"]
[Black "Cicero, Angelo"]
[WhiteElo "1794"]
[BlackElo "1745"]
[Result "1-0"]
[PlyCount "51"]
[EventDate "2012.12.28"]

1. d4 Nf6 2. f4 g6 3. Nf3 Bg7 4. Nbd2 d6 5. e4 Bg4 6. h3 Bxf3 7. Qxf3 e5 8. Nb3
Nbd7 9. Bd3 Qe7 10. O-O O-O-O 11. fxe5 dxe5 12. d5 Rhf8 13. Be3 b6 14. c4 c5
15. dxc6 Nb8 16. Bg5 h6 17. Bh4 g5 18. Bg3 Nxc6 19. Rac1 Nd4 20. Nxd4 exd4 21.
e5 Nd7 22. Qa8+ Nb8 23. Bf5+ Rd7 24. e6 Rb7 25. exf7+ Kd8 26. Bxb8 1-0

[Event "C.to Provinciale KR"]
[Site "Crotone ITA"]
[Date "2012.12.30"]
[Round "4"]
[White "Cicero, Angelo"]
[Black "Galardo, Emanuele"]
[WhiteElo "1745"]
[BlackElo "1377"]
[Result "1-0"]
[PlyCount "95"]
[EventDate "2012.12.28"]

1. e4 e5 2. Bc4 Nf6 3. d3 Bc5 4. Nc3 O-O 5. Bg5 Nc6 6. Nd5 Be7 7. Nxe7+ Qxe7 8.
Ne2 d6 9. Qd2 Be6 10. Bb5 a6 11. Bxc6 bxc6 12. Rf1 d5 13. d4 Rae8 14. exd5 cxd5
15. dxe5 Ne4 16. Bxe7 Nxd2 17. Kxd2 Rxe7 18. Nf4 Rfe8 19. Rad1 Bf5 20. Kc1 c6
21. Nd3 Bxd3 22. Rxd3 Rxe5 23. Ra3 Ra8 24. Kd2 Kf8 25. Re1 Rxe1 26. Kxe1 Ke7
27. Kd2 Kd6 28. Rb3 Ke6 29. Kd3 c5 30. c4 d4 31. Rb6+ Ke5 32. Rc6 a5 33. Rxc5+
Ke6 34. Kxd4 Rd8+ 35. Ke3 Ra8 36. Rd5 a4 37. f4 Rb8 38. Rd2 Rc8 39. b3 axb3 40.
axb3 Rb8 41. Rd3 f5 42. Kd2 Rb7 43. Kc3 Rd7 44. Rxd7 Kxd7 45. b4 Kc7 46. Kd4
Kc6 47. Ke5 g6 48. Kf6 1-0

[Event "C.to Provinciale KR"]
[Site "Crotone ITA"]
[Date "2012.12.30"]
[Round "4"]
[White "Greco, Simone"]
[Black "Serratore, Vincenzo"]
[WhiteElo "1740"]
[BlackElo "1794"]
[Result "1-0"]
[PlyCount "53"]
[EventDate "2012.12.28"]

1. e4 e5 2. Nf3 Nc6 3. Bb5 Bc5 4. c3 Qe7 5. O-O Nf6 6. d4 Bb6 7. Bxc6 dxc6 8.
Nxe5 Be6 9. Re1 O-O-O 10. Nd2 a6 11. Ndc4 Ba7 12. Na5 Bd7 13. Qb3 Bb6 14. Nac4
Ba7 15. Nxf7 Be6 16. Nxd8 Rxd8 17. Qa4 Qf7 18. Ne5 Qe8 19. Nd3 Qh5 20. Nf4 Qf7
21. Nxe6 Qxe6 22. Bf4 Qg4 23. Bg3 h5 24. h3 Qg5 25. Qc4 h4 26. Qe6+ Kb8 27. Qe5
1-0

[Event "C.to Provinciale KR"]
[Site "Crotone ITA"]
[Date "2012.12.30"]
[Round "4"]
[White "Olivo, Paolo"]
[Black "Morelli, Gaetano"]
[WhiteElo "1772"]
[BlackElo "1891"]
[Result "1/2-1/2"]
[PlyCount "71"]
[EventDate "2012.12.28"]

1. d4 d5 2. c4 e6 3. Nc3 c6 4. Nf3 Nf6 5. Bg5 h6 6. Bh4 g5 7. Bg3 dxc4 8. e4 b5
9. Be2 Bb7 10. a3 a6 11. h4 gxh4 12. Bxh4 Be7 13. Qd2 Nbd7 14. Bxf6 Nxf6 15.
Rxh6 Rxh6 16. Qxh6 Qa5 17. e5 Nd5 18. Qd2 Rd8 19. Nxd5 Qxd2+ 20. Kxd2 Rxd5 21.
Kc3 c5 22. Rd1 cxd4+ 23. Rxd4 Bc5 24. Rxd5 Bxd5 25. Nd4 Bxg2 26. f3 Kd7 27. a4
Bxd4+ 28. Kxd4 Kc6 29. a5 Bh3 30. f4 Bg2 31. Bh5 Bd5 32. Bxf7 b4 33. f5 c3 34.
bxc3 bxc3 35. Kxc3 exf5 36. Bg6 1/2-1/2

[Event "C.to Provinciale KR"]
[Site "Crotone ITA"]
[Date "2012.12.30"]
[Round "4"]
[White "Proietto, Francesco"]
[Black "Guzzo, Giovanni"]
[WhiteElo "1640"]
[BlackElo "1711"]
[Result "0-1"]
[PlyCount "124"]
[EventDate "2012.12.28"]

1. d4 e6 2. c4 d5 3. Nc3 Nf6 4. Nf3 Bb4 5. Bg5 O-O 6. e3 c5 7. Bd3 dxc4 8. Bxc4
cxd4 9. exd4 Nc6 10. O-O h6 11. Bh4 Be7 12. Rc1 a6 13. a4 b6 14. Qd2 Bb7 15.
Rfd1 Qc7 16. Bg3 Qd7 17. d5 exd5 18. Nxd5 Nxd5 19. Qxd5 Qxd5 20. Rxd5 Bc5 21.
Rd2 Na5 22. Bd5 Bxd5 23. Rxd5 Rfd8 24. Rxd8+ Rxd8 25. h3 Nc6 26. Kf1 Nb4 27. a5
Nd5 28. axb6 Bxb6 29. Rd1 Ne3+ 30. fxe3 Rxd1+ 31. Ke2 Rb1 32. Be5 f6 33. Bc3
Ra1 34. Nd4 Bxd4 35. exd4 Kf7 36. Ke3 Ke6 37. Kf3 g6 38. Bd2 h5 39. h4 Rb1 40.
Bc3 Kd5 41. g3 Rf1+ 42. Ke2 Rf5 43. Ke3 Kc4 44. Ke2 a5 45. Bxa5 Kxd4 46. Bc3+
Kc4 47. Ke3 Kb3 48. Ke4 Rf1 49. Ke3 f5 50. Ke2 Ra1 51. Kf3 Ra4 52. Be5 Re4 53.
Bc3 Kc4 54. Bf6 Kd3 55. Bg5 Re2 56. b4 Rb2 57. Be7 Rb1 58. Bd6 Rf1+ 59. Kg2 Ke2
60. Bc5 f4 61. Bb6 f3+ 62. Kh2 Rb1 0-1